| 000 -LEADER |
| fixed length control field |
01818cam a2200361 a 4500 |
| 001 - CONTROL NUMBER |
| control field |
14640183 |
| 005 - DATE AND TIME OF LATEST TRANSACTION |
| control field |
20221006162114.0 |
| 008 - FIXED-LENGTH DATA ELEMENTS--GENERAL INFORMATION |
| fixed length control field |
061120s2007 mau b 001 0 eng |
| 010 ## - LIBRARY OF CONGRESS CONTROL NUMBER |
| LC control number |
2006038683 |
| 015 ## - NATIONAL BIBLIOGRAPHY NUMBER |
| National bibliography number |
GBA718671 |
| Source |
bnb |
| 016 7# - NATIONAL BIBLIOGRAPHIC AGENCY CONTROL NUMBER |
| Record control number |
013689207 |
| Source |
Uk |
| 020 ## - INTERNATIONAL STANDARD BOOK NUMBER |
| International Standard Book Number |
9780674025042 (cl : alk. paper) |
| 020 ## - INTERNATIONAL STANDARD BOOK NUMBER |
| International Standard Book Number |
0674025040 (cl : alk. paper) |
| 035 ## - SYSTEM CONTROL NUMBER |
| System control number |
(OCoLC)ocm76828773 |
| 035 ## - SYSTEM CONTROL NUMBER |
| System control number |
(OCoLC)76828773 |
| 040 ## - CATALOGING SOURCE |
| Original cataloging agency |
DLC |
| Transcribing agency |
DLC |
| Modifying agency |
YDX |
| -- |
BAKER |
| -- |
BTCTA |
| -- |
UKM |
| -- |
MUQ |
| -- |
DLC |
| 043 ## - GEOGRAPHIC AREA CODE |
| Geographic area code |
a-cc--- |
| 050 00 - LIBRARY OF CONGRESS CALL NUMBER |
| Classification number |
JQ1510 |
| Item number |
.T48 2007 |
| 082 00 - DEWEY DECIMAL CLASSIFICATION NUMBER |
| Classification number |
320.951 |
| Edition number |
22 |
| 100 1# - MAIN ENTRY--PERSONAL NAME |
| Personal name |
Thornton, Patricia M. |
| 9 (RLIN) |
99379 |
| 245 10 - TITLE STATEMENT |
| Title |
Disciplining the state : |
| Remainder of title |
virtue, violence, and state-making in modern China / |
| Statement of responsibility, etc. |
Patricia M. Thornton. |
| 260 ## - PUBLICATION, DISTRIBUTION, ETC. |
| Place of publication, distribution, etc. |
Cambridge, Mass. : |
| Name of publisher, distributor, etc. |
Harvard University Asia Center : |
| -- |
Distributed by Harvard University Press, |
| Date of publication, distribution, etc. |
2007. |
| 300 ## - PHYSICAL DESCRIPTION |
| Extent |
ix, 247 p. ; |
| Dimensions |
247 cm. |
| 440 #0 - SERIES STATEMENT/ADDED ENTRY--TITLE |
| Title |
Harvard East Asian monographs ; |
| Volume/sequential designation |
283 |
| 9 (RLIN) |
99380 |
| 504 ## - BIBLIOGRAPHY, ETC. NOTE |
| Bibliography, etc. note |
Includes bibliographical references (p. [221]-236) and index. |
| 505 0# - FORMATTED CONTENTS NOTE |
| Formatted contents note |
Introduction -- Virtue and venality in the Qing -- Localist critiques of corruption and virtue -- Political corruption and the nationalist state -- Local communities and political corruption during the Nanjing decade -- Political corruption and the Maoist state -- Local variations in the "big four cleans" -- Conclusion : the moral language of state-making. |
| 650 #0 - SUBJECT ADDED ENTRY--TOPICAL TERM |
| Topical term or geographic name entry element |
Political corruption |
| Geographic subdivision |
China |
| General subdivision |
History. |
| 9 (RLIN) |
99381 |
| 651 #0 - SUBJECT ADDED ENTRY--GEOGRAPHIC NAME |
| Geographic name |
China |
| General subdivision |
Politics and government. |
| 9 (RLIN) |
99382 |
| 856 41 - ELECTRONIC LOCATION AND ACCESS |
| Materials specified |
Table of contents only |
| Uniform Resource Identifier |
<a href="http://www.loc.gov/catdir/toc/ecip075/2006038683.html">http://www.loc.gov/catdir/toc/ecip075/2006038683.html</a> |
| 906 ## - LOCAL DATA ELEMENT F, LDF (RLIN) |
| a |
7 |
| b |
cbc |
| c |
orignew |
| d |
1 |
| e |
ecip |
| f |
20 |
| g |
y-gencatlg |
| 942 ## - ADDED ENTRY ELEMENTS (KOHA) |
| Source of classification or shelving scheme |
|
| Koha item type |
Book |